[Event "Klatovy op-B 29th"]
[Site "Klatovy"]
[Date "2023.07.09"]
[Round "9"]
[White "Souralova, Jana"]
[Black "Chmelik, Ladislav"]
[Result "1/2-1/2"]
[WhiteElo "1386"]
[BlackElo "1749"]
[PlyCount "153"]
[EventDate "2023.07.01"]
[EventType "swiss"]
[EventRounds "9"]
[EventCountry "CZE"]
[SourceTitle "CBM 215 Extra"]
[Source "ChessBase"]
[SourceDate "2023.09.30"]
[SourceVersion "1"]
[SourceVersionDate "2023.09.30"]
[SourceQuality "1"]

1. e4 c5 2. Nf3 Nc6 3. d4 cxd4 4. Nxd4 e5 5. Nb5 d6 6. N1c3 a6 7. Na3 Nf6 8. Bg5 Be7 9. Nc4 b5 10. Bxf6 gxf6 11. Ne3 Be6 12. Be2 Nd4 13. Ncd5 f5 14. exf5 Nxf5 15. Nxf5 Bxf5 16. Bg4 Be4 17. Bf3 Bxd5 18. Bxd5 Rc8 19. Qh5 Rf8 20. Qxh7 Qa5+ 21. Kd1 b4 22. Qd3 Bg5 23. Re1 Qc5 24. Re2 Rh8 25. h3 Rh4 26. g4 Ke7 27. Be4 Rf8 28. Ke1 Rh6 29. Kf1 Rfh8 30. Kg2 Rxh3 31. Qxh3 Rxh3 32. Kxh3 Qd4 33. Rb1 Qc4 34. Ree1 Qxa2 35. b3 Qa5 36. Bd3 Qd5 37. Be4 Qd4 38. Kg2 Bh4 39. Re2 d5 40. Bd3 Qxg4+ 41. Kf1 Kd6 42. Rd1 Qh3+ 43. Ke1 Qh1+ 44. Kd2 Bg5+ 45. Re3 Bxe3+ 46. fxe3 Qh2+ 47. Be2 f5 48. Rf1 f4 49. exf4 exf4 50. Rf3 Ke5 51. Kd3 Qg1 52. Kd2 a5 53. Rd3 Qa1 54. Rf3 a4 55. bxa4 Qxa4 56. Rb3 Qa5 57. Bf3 Qc5 58. Be2 Qd4+ 59. Rd3 Qf2 60. Rf3 Qb6 61. Rd3 b3 62. Rxb3 Qa5+ 63. Kd3 Qc5 64. Kd2 Qd4+ 65. Rd3 Qb4+ 66. Kd1 d4 67. Bf3 Qb1+ 68. Kd2 Qf1 69. Be2 Qg2 70. Rf3 Kd5 71. Kd3 Qg6+ 72. Kd2 Ke5 73. Rd3 Qg5 74. Rf3 Kd6 75. Kd1 Kc6 76. Kd2 Qa5+ 77. Kd1 1/2-1/2

[Event "Klatovy op-B 29th"]
[Site "Klatovy"]
[Date "2023.07.05"]
[Round "5"]
[White "Chmelik, Ladislav"]
[Black "Cinkova, Vicky"]
[Result "1-0"]
[WhiteElo "1749"]
[BlackElo "1431"]
[PlyCount "57"]
[EventDate "2023.07.01"]
[EventType "swiss"]
[EventRounds "9"]
[EventCountry "CZE"]
[SourceTitle "CBM 215 Extra"]
[Source "ChessBase"]
[SourceDate "2023.09.30"]
[SourceVersion "1"]
[SourceVersionDate "2023.09.30"]
[SourceQuality "1"]

1. d4 d5 2. Nf3 e6 3. c4 f5 4. cxd5 exd5 5. Bf4 Nf6 6. Nc3 c6 7. e3 Bd6 8. Bg3 0-0 9. Qc2 Be6 10. Be2 Ne4 11. Nxe4 fxe4 12. Ne5 Nd7 13. Nxc6 bxc6 14. Bxd6 Rf6 15. Bg3 Qa5+ 16. Qd2 Qxd2+ 17. Kxd2 Nb6 18. b3 Bd7 19. f3 Bf5 20. Rhf1 Re6 21. fxe4 Bxe4 22. Bf3 Bg6 23. Rac1 Rae8 24. Rfe1 Kf8 25. Be5 Bf5 26. Rf1 Kg8 27. Bxd5 Nxd5 28. Rxf5 Ne7 29. Rf3 1-0

[Event "Klatovy op-B 29th"]
[Site "Klatovy"]
[Date "2023.07.02"]
[Round "2"]
[White "Chmelik, Ladislav"]
[Black "Slivova, Linda"]
[Result "1/2-1/2"]
[WhiteElo "1749"]
[BlackElo "1444"]
[PlyCount "43"]
[EventDate "2023.07.01"]
[EventType "swiss"]
[EventRounds "9"]
[EventCountry "CZE"]
[SourceTitle "CBM 215 Extra"]
[Source "ChessBase"]
[SourceDate "2023.09.30"]
[SourceVersion "1"]
[SourceVersionDate "2023.09.30"]
[SourceQuality "1"]

1. e4 c6 2. d4 d5 3. e5 Bf5 4. Bd3 Bxd3 5. Qxd3 Qa5+ 6. c3 Qa6 7. Qxa6 Nxa6 8. Ne2 e6 9. 0-0 c5 10. f4 Ne7 11. Na3 Nc6 12. Nb5 Rc8 13. f5 Nc7 14. Nxc7+ Rxc7 15. fxe6 fxe6 16. Be3 cxd4 17. Nxd4 Nxd4 18. cxd4 Bb4 19. Rac1 Rxc1 20. Rxc1 Kd7 21. a3 Ba5 22. Rf1 1/2-1/2

[Event "Ricany op 20th"]
[Site "Ricany"]
[Date "2022.09.03"]
[Round "9"]
[White "Chmelik, Ladislav"]
[Black "Strnadova, Monika"]
[Result "0-1"]
[WhiteElo "1734"]
[BlackElo "1564"]
[PlyCount "68"]
[EventDate "2022.08.27"]
[EventType "swiss"]
[EventRounds "9"]
[EventCountry "CZE"]
[SourceTitle "CBM 210 Extra"]
[Source "ChessBase"]
[SourceDate "2022.11.30"]
[SourceVersion "1"]
[SourceVersionDate "2022.11.30"]
[SourceQuality "1"]

1. e4 c5 2. Nc3 Nc6 3. f4 a6 4. Nf3 e6 5. Be2 Nge7 6. 0-0 g6 7. Kh1 Bg7 8. e5 f6 9. exf6 Bxf6 10. Ne4 Nf5 11. Nxf6+ Qxf6 12. c3 0-0 13. g4 Nfe7 14. d4 cxd4 15. cxd4 b5 16. Ne5 Bb7 17. Bf3 Rad8 18. Bd2 d6 19. Nxc6 Bxc6 20. Bxc6 Nxc6 21. d5 exd5 22. Qf3 Qd4 23. Rac1 Rc8 24. Rcd1 Qe4 25. Kg2 Nd4 26. Qxe4 dxe4 27. Bc3 Ne2 28. Bb4 Nxf4+ 29. Kh1 e3 30. Rfe1 Nh3 31. Kg2 Rc2+ 32. Kxh3 Rf3+ 33. Kh4 Rxh2+ 34. Kg5 Kf7 0-1

[Event "Ricany op 20th"]
[Site "Ricany"]
[Date "2022.09.02"]
[Round "8"]
[White "Hampel, Rudolf"]
[Black "Chmelik, Ladislav"]
[Result "1-0"]
[WhiteElo "1597"]
[BlackElo "1734"]
[PlyCount "43"]
[EventDate "2022.08.27"]
[EventType "swiss"]
[EventRounds "9"]
[EventCountry "CZE"]
[SourceTitle "CBM 210 Extra"]
[Source "ChessBase"]
[SourceDate "2022.11.30"]
[SourceVersion "1"]
[SourceVersionDate "2022.11.30"]
[SourceQuality "1"]

1. d4 Nf6 2. Nc3 d5 3. Bf4 c5 4. e3 Bf5 5. Nb5 Na6 6. c3 e6 7. Qa4 Nd7 8. Nd6+ Bxd6 9. Bxd6 cxd4 10. exd4 Qb6 11. Ba3 Nc7 12. Nf3 Qc6 13. Qb4 0-0-0 14. Be2 f6 15. 0-0 Nb6 16. b3 Na6 17. Bxa6 bxa6 18. Rac1 g6 19. Rfd1 Rd7 20. c4 dxc4 21. bxc4 Qa4 22. c5 1-0

[Event "Ricany op 20th"]
[Site "Ricany"]
[Date "2022.08.29"]
[Round "4"]
[White "Zabehlicky, Jiri"]
[Black "Chmelik, Ladislav"]
[Result "0-1"]
[WhiteElo "1429"]
[BlackElo "1734"]
[PlyCount "100"]
[EventDate "2022.08.27"]
[EventType "swiss"]
[EventRounds "9"]
[EventCountry "CZE"]
[SourceTitle "CBM 210 Extra"]
[Source "ChessBase"]
[SourceDate "2022.11.30"]
[SourceVersion "1"]
[SourceVersionDate "2022.11.30"]
[SourceQuality "1"]

1. e4 c5 2. Nc3 d6 3. g3 Nc6 4. Bg2 Nf6 5. Nge2 g6 6. b3 Bg7 7. Bb2 0-0 8. 0-0 Bg4 9. f3 Bd7 10. Rb1 a6 11. a4 Nb4 12. Kh1 Qc8 13. Nf4 Bc6 14. Nce2 Bd7 15. c3 Nc6 16. Nd3 b5 17. axb5 axb5 18. b4 c4 19. Nf2 Qb7 20. d4 cxd3 21. Nxd3 Ne5 22. Nxe5 dxe5 23. Nc1 Be6 24. Rf2 Bc4 25. Qc2 Rfd8 26. Bf1 Bh6 27. Bxc4 bxc4 28. Ra1 Rac8 29. Ra5 Rd6 30. Na2 Rcd8 31. Bc1 Bxc1 32. Nxc1 Qb6 33. Ra2 Qe3 34. Kg2 Rd1 35. Ne2 R1d2 36. Qa4 Nxe4 37. fxe4 Qxe4+ 38. Kh3 Rxa2 39. Qxa2 g5 40. g4 Rd6 41. Ng3 Rh6+ 42. Nh5 Qe3+ 43. Kg2 Qe4+ 44. Kf1 Rd6 45. Rd2 Qh1+ 46. Ke2 Qxh2+ 47. Kd1 Rxd2+ 48. Qxd2 Qh1+ 49. Kc2 Qe4+ 50. Kc1 h6 0-1

[Event "CZE-ch Betsys Online Blitz"]
[Site "Chess.com INT"]
[Date "2021.04.17"]
[Round "3"]
[White "Vondrovic, Matej"]
[Black "Chmelik, Ladislav"]
[Result "0-1"]
[WhiteElo "1268"]
[BlackElo "1755"]
[PlyCount "76"]
[EventDate "2021.04.17"]
[EventType "swiss (blitz)"]
[EventRounds "13"]
[EventCountry "CZE"]
[SourceTitle "CBM 201 Extra"]
[Source "ChessBase"]
[SourceDate "2021.05.31"]
[SourceVersion "1"]
[SourceVersionDate "2021.05.31"]
[SourceQuality "1"]

1. e4 e5 2. Nf3 Nc6 3. Bb5 d6 4. 0-0 Nf6 5. Nc3 Bd7 6. Bxc6 Bxc6 7. d4 exd4 8. Nxd4 Be7 9. Nxc6 bxc6 10. Re1 0-0 11. Bf4 h6 12. Qf3 Qd7 13. h3 Rab8 14. Qg3 Kh8 15. b3 Nh5 16. Qf3 Nxf4 17. Qxf4 Bg5 18. Qg3 Bf6 19. Rad1 Qe6 20. Qf3 Rb4 21. Na4 Re8 22. c4 Bg5 23. g3 Qxh3 24. Qg2 Qg4 25. Nb2 Rbb8 26. Nd3 Re7 27. f3 Qe6 28. f4 Bf6 29. f5 Qd7 30. Qh3 Bd4+ 31. Kf1 Rbe8 32. Qg4 g6 33. f6 Qxg4 34. fxe7 Rxe7 35. Nf2 Qxg3 36. Rxd4 Qf4 37. Kg1 c5 38. Rd3 f5 0-1

[Event "Pardubice Czech op-E 31st"]
[Site "Pardubice"]
[Date "2020.09.17"]
[Round "1.3"]
[White "Kraus, Tomas"]
[Black "Chmelik, Ladislav"]
[Result "1-0"]
[WhiteElo "2455"]
[BlackElo "1741"]
[PlyCount "37"]
[EventDate "2020.09.17"]
[EventType "team-swiss"]
[EventRounds "7"]
[EventCountry "CZE"]
[SourceTitle "CBM 198 Extra"]
[Source "ChessBase"]
[SourceDate "2020.11.30"]
[SourceVersion "1"]
[SourceVersionDate "2020.11.30"]
[SourceQuality "1"]
[WhiteTeam "Turnov Zikuda"]
[BlackTeam "Dobrovice"]
[WhiteTeamCountry "CZE"]
[BlackTeamCountry "CZE"]

1. c4 Nf6 2. Nc3 e6 3. e4 Nc6 4. d4 d5 5. e5 Nd7 6. Nf3 dxc4 7. Bxc4 Nb6 8. Bb3 Bb4 9. 0-0 h6 10. Qd3 Ne7 11. Rd1 Nbd5 12. Bd2 Bxc3 13. bxc3 c6 14. c4 Nb6 15. Bb4 Qc7 16. Nd2 0-0 17. Bc2 g6 18. Ne4 Kg7 19. Qf3 1-0

[Event "Ricany op"]
[Site "Ricany"]
[Date "2020.08.28"]
[Round "8"]
[White "Chmelik, Ladislav"]
[Black "Harcuba, Adam"]
[Result "1/2-1/2"]
[WhiteElo "1774"]
[BlackElo "1637"]
[PlyCount "56"]
[EventDate "2020.08.22"]
[EventType "swiss"]
[EventRounds "9"]
[EventCountry "CZE"]
[SourceTitle "CBM 198 Extra"]
[Source "ChessBase"]
[SourceDate "2020.11.30"]
[SourceVersion "1"]
[SourceVersionDate "2020.11.30"]
[SourceQuality "1"]

1. d4 d5 2. Bf4 Nf6 3. Nf3 e6 4. e3 c5 5. c3 Nbd7 6. h3 Be7 7. Bd3 b6 8. Nbd2 Bb7 9. 0-0 0-0 10. Re1 Ne4 11. Ne5 Nxe5 12. Bxe5 f5 13. Bxe4 fxe4 14. Qg4 Rf7 15. Qxe6 Bc8 16. Qc6 Ba6 17. Nf1 Bd3 18. Qe6 Bh4 19. Bg3 Bxg3 20. Nxg3 Qf8 21. Nh1 Rd8 22. Rad1 Rd6 23. Qg4 Rg6 24. Qh4 c4 25. Rd2 Rf5 26. Ng3 Rf7 27. Qh5 Qd8 28. Qe5 Rg5 1/2-1/2

[Event "Ricany op"]
[Site "Ricany"]
[Date "2020.08.27"]
[Round "7"]
[White "Studzinski, Boleslav"]
[Black "Chmelik, Ladislav"]
[Result "0-1"]
[WhiteElo "1678"]
[BlackElo "1774"]
[PlyCount "49"]
[EventDate "2020.08.22"]
[EventType "swiss"]
[EventRounds "9"]
[EventCountry "CZE"]
[SourceTitle "CBM 198 Extra"]
[Source "ChessBase"]
[SourceDate "2020.11.30"]
[SourceVersion "1"]
[SourceVersionDate "2020.11.30"]
[SourceQuality "1"]

1. e4 c5 2. Nf3 Nc6 3. d4 cxd4 4. Nxd4 e5 5. Nf3 Nf6 6. Nc3 h6 7. h3 Bb4 8. Bd3 0-0 9. 0-0 Bxc3 10. bxc3 d5 11. Nd2 Be6 12. Re1 d4 13. Bb2 Rc8 14. Nb3 dxc3 15. Bxc3 Nd4 16. Bb4 Re8 17. Nxd4 Qxd4 18. c3 Qd7 19. Qe2 a6 20. Red1 Qc6 21. Rd2 Red8 22. Rb1 Nxe4 23. Rdb2 Nxc3 24. Bxc3 Qxc3 25. Rc2 0-1

[Event "Prague Summer op-A 5th"]
[Site "Prague"]
[Date "2018.08.04"]
[Round "2"]
[White "Gasanov, Eldar"]
[Black "Chmelik, Ladislav"]
[Result "1-0"]
[WhiteElo "2481"]
[BlackElo "1796"]
[PlyCount "49"]
[EventDate "2018.08.03"]
[EventType "swiss"]
[EventRounds "9"]
[EventCountry "CZE"]
[SourceTitle "CBM 185 Extra"]
[Source "ChessBase"]
[SourceDate "2018.07.29"]
[SourceVersion "1"]
[SourceVersionDate "2018.07.29"]
[SourceQuality "1"]

1. Nf3 d5 2. d3 c5 3. Nbd2 Nf6 4. e4 dxe4 5. dxe4 Nc6 6. c3 Bg4 7. h3 Bh5 8. Bb5 Qc7 9. Qa4 Rc8 10. Qxa7 e6 11. Qa4 Be7 12. 0-0 Bxf3 13. Nxf3 0-0 14. Be3 Ra8 15. Qc2 Rfd8 16. a4 Ne5 17. Nd2 Neg4 18. hxg4 Nxg4 19. Nf3 Nxe3 20. fxe3 Qg3 21. Qf2 Qg4 22. Ne5 Qxe4 23. Qxf7+ Kh8 24. Qxe6 Qxe3+ 25. Rf2 1-0

[Event "Klatovy op-B 24th"]
[Site "Klatovy"]
[Date "2018.07.05"]
[Round "6"]
[White "Mejzr, Jan"]
[Black "Chmelik, Ladislav"]
[Result "0-1"]
[WhiteElo "1897"]
[BlackElo "1761"]
[PlyCount "84"]
[EventDate "2018.06.30"]
[EventType "swiss"]
[EventRounds "9"]
[EventCountry "CZE"]
[SourceTitle "EXT 2019"]
[Source "ChessBase"]
[SourceDate "2018.10.10"]
[SourceVersion "1"]
[SourceVersionDate "2018.10.10"]
[SourceQuality "1"]

1. b4 Nf6 2. Nf3 e6 3. a3 c5 4. bxc5 Bxc5 5. e3 Nc6 6. d4 Be7 7. Bd3 b6 8. 0-0 Bb7 9. Nbd2 d5 10. Bb2 0-0 11. Ne5 Nxe5 12. dxe5 Nd7 13. f4 g6 14. f5 Bg5 15. Bd4 exf5 16. Bxf5 Qe7 17. Bxd7 Qxd7 18. Nf3 Bh6 19. Nh4 Rac8 20. c3 Rfe8 21. Rf3 Bg7 22. Rf6 Rc6 23. Rxc6 Qxc6 24. Nf3 Qc4 25. Qe1 Bc8 26. Qh4 Bf5 27. Rf1 Bd3 28. Ng5 h6 29. Rxf7 hxg5 30. Rxg7+ Kxg7 31. e6+ Kf8 32. Qh8+ Ke7 33. Qf6+ Kd6 34. Be5+ Kc5 35. e7 Qb5 36. h3 Qd7 37. Qf2 Rxe7 38. e4+ Kc6 39. exd5+ Qxd5 40. Bd4 Qf5 41. Qg3 Qf1+ 42. Kh2 Qf4 0-1

[Event "Klatovy op-B 23rd"]
[Site "Klatovy"]
[Date "2017.07.08"]
[Round "8"]
[White "Chmelik, Ladislav"]
[Black "Leseticky, Vladimir"]
[Result "1/2-1/2"]
[WhiteElo "1739"]
[BlackElo "1685"]
[PlyCount "35"]
[EventDate "2017.07.01"]
[EventType "swiss"]
[EventRounds "9"]
[EventCountry "CZE"]
[SourceTitle "EXT 2018"]
[Source "ChessBase"]
[SourceDate "2017.10.13"]
[SourceVersion "1"]
[SourceVersionDate "2017.10.13"]
[SourceQuality "1"]

1. e4 e5 2. Nf3 Nc6 3. d4 exd4 4. Bc4 Be7 5. c3 Na5 6. Qxd4 Nxc4 7. Qxc4 d5 8. Qxd5 Qxd5 9. exd5 Nf6 10. c4 b5 11. cxb5 Nxd5 12. Nc3 Nxc3 13. bxc3 Bf6 14. Bd2 a6 15. bxa6 Bxa6 16. Nd4 Bc4 17. a4 0-0 18. Kd1 1/2-1/2

[Event "Klatovy op-B 23rd"]
[Site "Klatovy"]
[Date "2017.07.04"]
[Round "4"]
[White "Chmelik, Ladislav"]
[Black "Kubat, Zbynek"]
[Result "1-0"]
[WhiteElo "1739"]
[BlackElo "1682"]
[PlyCount "133"]
[EventDate "2017.07.01"]
[EventType "swiss"]
[EventRounds "9"]
[EventCountry "CZE"]
[SourceTitle "EXT 2018"]
[Source "ChessBase"]
[SourceDate "2017.10.13"]
[SourceVersion "1"]
[SourceVersionDate "2017.10.13"]
[SourceQuality "1"]

1. e4 e5 2. Nc3 Nf6 3. f4 Nc6 4. fxe5 Nxe5 5. d4 Nc6 6. e5 Ng8 7. Nf3 d6 8. Bf4 dxe5 9. dxe5 Qxd1+ 10. Rxd1 Bb4 11. Bc4 h6 12. 0-0 Be6 13. Bxe6 fxe6 14. Nb5 Rc8 15. Be3 a6 16. Nbd4 Nxd4 17. Bxd4 Ne7 18. c3 Ba5 19. Bc5 Nc6 20. Nh4 Rd8 21. Ng6 Rxd1 22. Rxd1 Rg8 23. h4 h5 24. Nf4 g5 25. Nxh5 Rh8 26. Nf6+ Kf7 27. Rd7+ Kg6 28. h5+ Kf5 29. Rd2 Kxe5 30. Nd7+ Ke4 31. Re2+ Kf5 32. Rf2+ Ke4 33. g4 Bb6 34. Nxb6 cxb6 35. Bxb6 Rh7 36. Kg2 Ne5 37. Kg3 Rf7 38. Re2+ Kd5 39. Bd4 Nc6 40. Be3 Rg7 41. h6 Rg8 42. h7 Rh8 43. Rh2 e5 44. Bxg5 Ke6 45. Be3 Kf7 46. Kf3 Kg6 47. Ke4 Rxh7 48. Rxh7 Kxh7 49. b4 Kg6 50. a4 Kf6 51. b5 axb5 52. axb5 Ne7 53. Bb6 Ke6 54. Bc7 Ng6 55. c4 Kf6 56. Bd8+ Ke6 57. c5 Nf8 58. c6 bxc6 59. bxc6 Ng6 60. c7 Kd7 61. Kf5 Nf8 62. Kxe5 Ne6 63. Kf6 Nf8 64. g5 Nh7+ 65. Kg6 Nf8+ 66. Kf7 Ne6 67. g6 1-0

[Event "Klatovy op-B 23rd"]
[Site "Klatovy"]
[Date "2017.07.02"]
[Round "2"]
[White "Chmelik, Ladislav"]
[Black "Filip, Petr"]
[Result "1-0"]
[WhiteElo "1739"]
[BlackElo "1372"]
[PlyCount "57"]
[EventDate "2017.07.01"]
[EventType "swiss"]
[EventRounds "9"]
[EventCountry "CZE"]
[SourceTitle "EXT 2018"]
[Source "ChessBase"]
[SourceDate "2017.10.13"]
[SourceVersion "1"]
[SourceVersionDate "2017.10.13"]
[SourceQuality "1"]

1. e4 e5 2. Nf3 Nf6 3. Nc3 c6 4. d4 Bb4 5. dxe5 Nxe4 6. Qd4 Bxc3+ 7. bxc3 d5 8. exd6 Nf6 9. Ba3 Nbd7 10. Qe3+ Kf8 11. Bc4 b6 12. 0-0 Ng4 13. Qf4 Ndf6 14. d7+ c5 15. dxc8Q Rxc8 16. Rad1 Qe8 17. Rfe1 Qa4 18. Qd6+ Kg8 19. Bb3 Qd7 20. Qxd7 Nxd7 21. Rxd7 Nh6 22. Red1 g6 23. Rd8+ Kg7 24. Rxh8 Kxh8 25. Bc1 Nf5 26. Bxf7 Kg7 27. Be6 Rf8 28. Bxf5 Rxf5 29. Rd7+ 1-0

[Event "Klatovy op-B 22nd"]
[Site "Klatovy"]
[Date "2016.07.09"]
[Round "8"]
[White "Chmelik, Ladislav"]
[Black "Ruzicka, Vaclav1111"]
[Result "0-1"]
[WhiteElo "1762"]
[BlackElo "1649"]
[PlyCount "142"]
[EventDate "2016.07.02"]
[EventType "swiss"]
[EventRounds "9"]
[EventCountry "CZE"]
[SourceTitle "EXT 2019"]
[Source "ChessBase"]
[SourceDate "2018.10.10"]
[SourceVersion "1"]
[SourceVersionDate "2018.10.10"]
[SourceQuality "1"]

1. d4 Nf6 2. Nf3 d6 3. c4 Nbd7 4. Nc3 e5 5. e4 Be7 6. Be2 0-0 7. 0-0 c6 8. b3 exd4 9. Nxd4 Nc5 10. Qc2 a5 11. h3 Re8 12. Bf3 Bf8 13. Bf4 Ne6 14. Nxe6 Bxe6 15. Rad1 Qb6 16. Bxd6 Bxd6 17. Rxd6 Red8 18. Rfd1 Rxd6 19. Rxd6 Ne8 20. Rd1 Rd8 21. Rxd8 Qxd8 22. Na4 b5 23. Nc5 Bc8 24. e5 Qb6 25. cxb5 cxb5 26. Na4 Qc7 27. Qxc7 Nxc7 28. Nc5 Ne6 29. Bg4 Nxc5 30. Bxc8 Nd3 31. e6 fxe6 32. Bxe6+ Kf8 33. Bf5 Nc1 34. Bb1 Ne2+ 35. Kf1 Nc3 36. Bxh7 Nxa2 37. Ke1 b4 38. Kd2 Ke7 39. Kd3 Kd6 40. Kc4 Nc3 41. Bc2 Ne2 42. g4 g5 43. Be4 Nf4 44. Kb5 Nxh3 45. f3 Nf4 46. Kxa5 Kc5 47. Ka6 Kd4 48. Kb5 Kc3 49. Kc5 Kxb3 50. Kd4 Kb2 51. Ke5 Kc3 52. Kf5 b3 53. Kxg5 Nd3 54. Bd5 b2 55. Ba2 Kc2 56. Kh6 Nb4 57. g5 Nxa2 58. g6 b1Q 59. Kh7 Qh1+ 60. Kg8 Qxf3 61. g7 Qh5 62. Kf8 Qf5+ 63. Ke7 Qg6 64. Kf8 Qf6+ 65. Kg8 Nc3 66. Kh7 Qh4+ 67. Kg6 Qg4+ 68. Kf7 Qf5+ 69. Ke8 Qg6+ 70. Kf8 Qf6+ 71. Kg8 Nd5 0-1

[Event "Liberec op 14th"]
[Site "Liberec"]
[Date "2013.10.27"]
[Round "2"]
[White "Oglaza, Oskar"]
[Black "Chmelik, Ladislav"]
[Result "1-0"]
[WhiteElo "1566"]
[BlackElo "1793"]
[PlyCount "77"]
[EventDate "2013.10.26"]
[EventType "swiss"]
[EventRounds "9"]
[EventCountry "CZE"]
[SourceTitle "EXT 2014"]
[Source "ChessBase"]
[SourceDate "2013.11.20"]
[SourceVersion "1"]
[SourceVersionDate "2013.11.20"]
[SourceQuality "1"]

1. e4 c5 2. Nf3 Nc6 3. Bb5 a6 4. Bxc6 dxc6 5. 0-0 Bg4 6. h3 Bh5 7. d3 e6 8. Be3 Bd6 9. Nbd2 b5 10. a4 Nf6 11. g4 Nxg4 12. hxg4 Bxg4 13. Kg2 Qf6 14. Rh1 Qxb2 15. axb5 cxb5 16. Rb1 Qf6 17. Qe1 h5 18. e5 Qg6 19. Kf1 Be7 20. Nh4 Bxh4 21. Rxh4 Qf5 22. Ne4 Qxe5 23. Bxc5 Qc7 24. Qc3 0-0-0 25. Qa3 Qc6 26. Be7 Rd4 27. Rb3 Kd7 28. Rc3 Qd5 29. Bf8 b4 30. Bxb4 Rxe4 31. dxe4 Qd1+ 32. Kg2 Be2 33. Rh1 Qd4 34. Re3 Bb5 35. c3 Qf6 36. Rd1+ Ke8 37. Ba5 Qg6+ 38. Kh2 Bd7 39. Qd6 1-0

[Event "Hradec Kralove op"]
[Site "Hradec Kralove"]
[Date "2013.05.20"]
[Round "8"]
[White "Chmelik, Ladislav"]
[Black "Opolski, Wojciech"]
[Result "1-0"]
[WhiteElo "1786"]
[BlackElo "1654"]
[PlyCount "91"]
[EventDate "2013.05.15"]
[EventType "swiss"]
[EventRounds "9"]
[EventCountry "CZE"]
[SourceTitle "EXT 2014"]
[Source "ChessBase"]
[SourceDate "2013.11.20"]
[SourceVersion "1"]
[SourceVersionDate "2013.11.20"]
[SourceQuality "1"]

1. e4 e5 2. Nf3 Nc6 3. d4 exd4 4. Bc4 Be7 5. c3 Nf6 6. e5 Ne4 7. cxd4 d5 8. exd6 Nxd6 9. Bb3 0-0 10. 0-0 Bg4 11. Be3 Nf5 12. h3 Bxf3 13. Qxf3 Nfxd4 14. Bxd4 Qxd4 15. Nc3 Qf6 16. Qe4 Bd6 17. Bd5 Rfe8 18. Qa4 Re7 19. Rfe1 h6 20. Bxc6 bxc6 21. Ne4 Qg6 22. Nxd6 Rxe1+ 23. Rxe1 Qxd6 24. Rc1 c5 25. Qb5 Qd2 26. Rxc5 Qd1+ 27. Kh2 Rd8 28. Qc6 Rc8 29. a4 Qd4 30. Rc2 Qb6 31. Qd7 Qb8 32. Rc6 a5 33. g3 Rf8 34. Qd2 Rd8 35. Qc3 Rc8 36. Rc5 Qb6 37. Kg1 Rd8 38. Rxc7 Rd1+ 39. Kg2 Qd6 40. Rc8+ Kh7 41. Qc2+ g6 42. Qc5 Qa6 43. Qc4 Qb7+ 44. Qc6 Qe7 45. Rc7 Qf8 46. Qf3 1-0

[Event "Hradec Kralove op"]
[Site "Hradec Kralove"]
[Date "2013.05.18"]
[Round "5"]
[White "Chmelik, Ladislav"]
[Black "Novotny, Lubomir"]
[Result "1/2-1/2"]
[WhiteElo "1786"]
[BlackElo "1956"]
[PlyCount "47"]
[EventDate "2013.05.15"]
[EventType "swiss"]
[EventRounds "9"]
[EventCountry "CZE"]
[SourceTitle "CBM 154 Extra"]
[Source "ChessBase"]
[SourceDate "2013.06.25"]
[SourceVersion "2"]
[SourceVersionDate "2013.06.25"]
[SourceQuality "1"]

1. d4 Nf6 2. Nf3 e6 3. c4 b6 4. Nc3 Bb7 5. e3 Bb4 6. a3 Bxc3+ 7. bxc3 0-0 8. Bd3 d6 9. 0-0 c5 10. Re1 Nc6 11. d5 Na5 12. e4 e5 13. Bg5 h6 14. Bh4 Bc8 15. h3 g5 16. Nxg5 hxg5 17. Bxg5 Kg7 18. Qf3 Rh8 19. h4 Kg6 20. Re3 Bg4 21. Bxf6 Bxf3 22. Bxd8 Raxd8 23. Rxf3 Rxh4 24. Rh3 1/2-1/2

[Event "Hradec Kralove op"]
[Site "Hradec Kralove"]
[Date "2013.05.17"]
[Round "4"]
[White "Grundman, Vaclav"]
[Black "Chmelik, Ladislav"]
[Result "0-1"]
[WhiteElo "1702"]
[BlackElo "1786"]
[PlyCount "100"]
[EventDate "2013.05.15"]
[EventType "swiss"]
[EventRounds "9"]
[EventCountry "CZE"]
[SourceTitle "CBM 154 Extra"]
[Source "ChessBase"]
[SourceDate "2013.06.25"]
[SourceVersion "2"]
[SourceVersionDate "2013.06.25"]
[SourceQuality "1"]

1. e4 c5 2. Nf3 Nc6 3. d4 cxd4 4. Nxd4 d6 5. c4 Nf6 6. Nc3 g6 7. Be2 Bg7 8. Be3 Qa5 9. 0-0 0-0 10. Rc1 Bd7 11. f4 Nxd4 12. Bxd4 Bc6 13. Bf3 e6 14. Be3 Rfd8 15. Qe2 a6 16. Rfd1 Rac8 17. Rd2 Rd7 18. Nd5 Bxd5 19. exd5 exd5 20. Bxd5 Nxd5 21. Rxd5 Qxa2 22. Bd4 b5 23. Bxg7 Kxg7 24. Rd4 Qa4 25. Rcd1 Rxc4 26. Rxc4 Qxc4 27. Qe8 Qc5+ 28. Kh1 Qc2 29. Re1 Rc7 30. h4 Qxb2 31. h5 Rc1 32. Kh2 Rxe1 33. h6+ Kxh6 34. Qxe1 Qf6 35. g3 d5 36. Qe8 Kg7 37. Qd7 Qe6 38. Qc7 h5 39. Qc3+ Kh7 40. Qd4 a5 41. Qa7 a4 42. Qb7 a3 43. Qxb5 a2 44. Qa5 d4 45. Kg2 d3 46. Qa4 Qe2+ 47. Kh3 Qb2 48. f5 a1Q 49. fxg6+ fxg6 50. Qd7+ Qg7 0-1

[Event "Hradec Kralove op"]
[Site "Hradec Kralove"]
[Date "2012.05.14"]
[Round "3"]
[White "Jiruse, Josef"]
[Black "Chmelik, Ladislav"]
[Result "1-0"]
[WhiteElo "1997"]
[BlackElo "1774"]
[PlyCount "105"]
[EventDate "2012.05.12"]
[EventType "swiss"]
[EventRounds "9"]
[EventCountry "CZE"]
[SourceTitle "CBM 148 Extra"]
[Source "ChessBase"]
[SourceDate "2012.06.22"]
[SourceVersion "1"]
[SourceVersionDate "2012.06.22"]
[SourceQuality "1"]

1. c4 c5 2. Nc3 Nc6 3. e4 d6 4. Bd3 Ne5 5. Be2 g6 6. f4 Nc6 7. Nf3 Bg7 8. 0-0 e6 9. d3 Nge7 10. Be3 0-0 11. Rc1 a6 12. Kh1 Nd4 13. Qe1 Nec6 14. Bd1 b5 15. a3 Rb8 16. cxb5 axb5 17. Bxd4 Nxd4 18. b4 Qe7 19. bxc5 dxc5 20. e5 Qa7 21. a4 Bd7 22. Nxd4 cxd4 23. Nxb5 Bxb5 24. axb5 Rxb5 25. Bf3 Rfb8 26. Ra1 Qb6 27. h4 Bh6 28. Be4 Qd8 29. Qg3 f5 30. exf6 Qxf6 31. f5 exf5 32. Bxf5 Qe5 33. Qxe5 Rxe5 34. Be4 Be3 35. Ra7 Rh5 36. g3 Rf8 37. Rxf8+ Kxf8 38. Kg2 g5 39. hxg5 Rxg5 40. Rxh7 Bf4 41. Rh3 Kg7 42. Kf3 Be3 43. Rh7+ Kf6 44. g4 Ke5 45. Bf5 Rg8 46. Ra7 Rd8 47. Re7+ Kf6 48. Re6+ Kg5 49. Rg6+ Kh4 50. Rg7 Rf8 51. Ke4 Re8+ 52. Kd5 Re5+ 53. Kxe5 1-0